| 000 | 02225cam a22003013 4500 | ||
|---|---|---|---|
| 001 | 9344 | ||
| 010 | _a9780520283657 | ||
| 010 | _a0520283651 | ||
| 090 | _a9344 | ||
| 099 | _tLIVR | ||
| 100 | _a20151223d2015 m h0engy50 ba | ||
| 101 | 0 | _aeng | |
| 102 | _aUS | ||
| 200 | 1 |
_aKandinsky and Klee in Tunisia _bLIVR _fRoger Benjamin _fCristina Ashjian |
|
| 210 |
_aOakland, Calif _cUniversity of California Press _d2015 |
||
| 215 |
_a233 p. _ccouv.ill _d27 cm |
||
| 300 | _aIncludes bibliographical references and index | ||
| 330 | _a"Paul Klee experienced his 1914 trip to Tunisia as a major breakthrough for his art: 'Color and I are one,' he famously wrote. 'I am a painter.' 'Kandinsky and Klee in Tunisia' sets the scene for Klee's breakthrough with a close study of the parallel voyage undertaken in 1904-5 by Wassily Kandinsky and Gabriele Münter, who would later become Klee's friends. This artist couple, then at an early stage in their celebrated careers, produced a rich body of painting and photography known only to specialists. Paul Klee's 1914 trip with August Macke and Louis Moilliet, in contrast, is a vaunted convergence of Cubism and the exotic. Roger Benjamin refigures these two seminal voyages in terms of colonial culture and politics, the fabric of ancient Tunisian cities, visual ethnography, and the tourist photograph. The book looks closely at the cities of Tunis, Sousse, Hammamet, and Kairouan to flesh out a profound confrontation between European high modernism and the wealth of Islamic lifeways and architecture. Kandinsky and Klee in Tunisia offers a new understanding of how the European avant-garde was formed in dialogue with cultural difference"--Provided by publisher | ||
| 600 |
_311909375 _aKandinsky _bWassily _f1866-1944 _312653273 _xVoyages _311933634 _yTunisie _925319 |
||
| 600 |
_311909820 _aKlee _bPaul _f1879-1940 _312653273 _xVoyages _311933634 _yTunisie _925320 |
||
| 606 |
_aCarnet de voyage _925321 |
||
| 607 |
_311933634 _aTunisie _311989609 _xDans l'art _925322 |
||
| 700 |
_312069160 _aBenjamin _bRoger _4070 _925323 |
||
| 702 |
_317015152 _aAshjian _bCristina _4340 _925324 |
||
| 801 | 3 |
_aUS _bOCoLC _c20151223 _gUNIMARC |
|
| 801 | 0 |
_bCU-S/DLC _grda _aTN _c20251128 |
|
| 801 | 0 |
_bTN _g32BIS |
|
| 830 | _aMS | ||